Schnelle Mathematik - Addition Level 09 - Statistiken

Allgemein
  • Dieses Quiz wurde 193 mal gespielt
  • Das Durchschnittsergebnis liegt bei 30 aus 40
Antwortstatistiken
Frage Antwort % Korrekt
48+4 52
95%
10+1 11
92%
43+3 46
89%
68+10 78
89%
97+3 100
88%
66+3 69
88%
73+6 79
88%
29+3 32
86%
24+9 33
86%
28+5 33
86%
66+6 72
86%
90+5 95
86%
18+6 24
85%
28+1 29
85%
45+4 49
85%
71+2 73
85%
41+8 49
84%
74+3 77
84%
91+3 94
84%
10+3 13
83%
82+4 86
83%
81+7 88
83%
10+0 10
81%
32+2 34
81%
69+9 78
81%
81+0 81
81%
94+1 95
81%
93+5 98
81%
30+9 39
80%
79+0 79
80%
83+1 84
80%
10+1 11
79%
13+7 20
79%
18+7 25
79%
38+3 41
79%
33+10 43
79%
52+9 61
79%
62+0 62
79%
63+8 71
79%
76+0 76
79%
87+1 88
79%
4+10 14
78%
10+9 19
78%
37+9 46
78%
47+10 57
78%
59+10 69
78%
95+3 98
78%
10+6 16
77%
19+4 23
77%
55+6 61
77%
60+7 67
77%
32+3 35
76%
45+5 50
76%
54+4 58
76%
89+8 97
76%
6+5 11
75%
10+4 14
75%
21+5 26
75%
50+4 54
75%
88+0 88
75%
10+5 15
74%
13+4 17
74%
10+8 18
74%
20+6 26
74%
30+0 30
74%
46+4 50
74%
54+7 61
74%
66+9 75
74%
87+4 91
74%
86+8 94
74%
23+0 23
73%
31+4 35
73%
50+8 58
73%
72+7 79
73%
21+10 31
72%
67+5 72
72%
87+7 94
72%
92+8 100
71%
7+8 15
71%
22+6 28
71%
26+7 33
71%
35+9 44
71%
61+9 70
71%
89+6 95
71%
95+7 102
70%
8+9 17
70%
42+1 43
70%
94+0 94
69%
86+1 87
68%
84+8 92
68%
99+1 100
67%
10+3 13
67%
45+2 47
67%
7+0 7
67%
91+1 92
67%
97+2 99
67%
58+2 60
66%
75+1 76
66%
4+6 10
65%
2+10 12
65%
10+2 12
65%
25+8 33
65%
26+10 36
65%
5+10 15
64%
14+5 19
64%
34+2 36
64%
49+5 54
64%
83+2 85
64%
78+8 86
64%
10+7 17
63%
16+2 18
63%
10+10 20
63%
31+6 37
63%
89+2 91
63%
93+9 102
62%
50+10 60
59%
9+7 16
58%
32+5 37
58%
95+0 95
58%
27+6 33
48%
40+2 42
47%
Keine übereinstimmenden Quizze gefunden
Verteilung der Resultate
Anzahl Personen mit jedem Resultat
Perzentil nach korrekt beantworteten Fragen
Ihre Resultats-Entwicklung
Sie haben dieses Quiz noch nicht gespielt